00491 a2200145 4500003000900000005001700009008004100026040001300067245004700080250001100127260002000138300001900158490000700177520016100184IT-RoPau20220918175943.0130228b xxu||||| |||| 00| 0 eng d cIT-RoPau aCostituzioni della Pia Società San Paolo a1° ed aRomabSSPc1957 a209 pp.c13 cm aEP aIndice Parte prima Fine e membri della Società Parte seconda Vita e opere della Soceità Parte terza Governo della Società Decreto di approvazione